|
|
|
|
| LEADER |
01722cas a2200241 a 4500 |
| 001 |
AALejournalIMF002873 |
| 008 |
230101c9999 xx r poo 0 0eng d |
| 020 |
|
|
|c 5.00 USD
|
| 020 |
|
|
|z 9781451846584
|
| 022 |
|
|
|a 1018-5941
|
| 040 |
|
|
|a BD-DhAAL
|c BD-DhAAL
|
| 100 |
1 |
|
|a Christensen, Jakob.
|
| 245 |
1 |
0 |
|a Domestic Debt Markets in Sub-Saharan Africa /
|c Jakob Christensen.
|
| 264 |
|
1 |
|a Washington, D.C. :
|b International Monetary Fund,
|c 2004.
|
| 300 |
|
|
|a 1 online resource (23 pages)
|
| 490 |
1 |
|
|a IMF Working Papers
|
| 500 |
|
|
|a <strong>Off-Campus Access:</strong> No User ID or Password Required
|
| 500 |
|
|
|a <strong>On-Campus Access:</strong> No User ID or Password Required
|
| 506 |
|
|
|a Electronic access restricted to authorized BRAC University faculty, staff and students
|
| 520 |
3 |
|
|a This study discusses the role of domestic debt markets in sub-Saharan Africa (SSA) based on a new dataset covering 27 SSA countries during the 20-year period 1980-2000. The study finds that domestic debt markets in these countries are generally small, highly short-term in nature, and often have a narrow investor base. Domestic interest payments present a significant burden to the budget, despite much smaller domestic than foreign indebtedness. The use of domestic debt is also found to have significantly crowded out private sector lending. Finally, the study identifies significant differences between the size, cost, and maturity structure of domestic debt markets in HIPCs and non-HIPCs.
|
| 538 |
|
|
|a Mode of access: Internet
|
| 830 |
|
0 |
|a IMF Working Papers; Working Paper ;
|v No. 2004/046
|
| 856 |
4 |
0 |
|z Full text available on IMF
|u http://elibrary.imf.org/view/journals/001/2004/046/001.2004.issue-046-en.xml
|z IMF e-Library
|